000 00623cam a22002411 4500
001 7963658
005 20180312061723.0
008 751003s1961 maua b 000 0 eng
010 _a 61006131
015 _aGB61-13617
035 _a(OCoLC)1672734
040 _aDLC
_cFMU
_dOCoLC
_dUk
_dDLC
041 _aeng
042 _apremarc
080 _a621.072 BEC
082 _a621.072 BEC
100 1 _a27
101 _aMEK
245 1 0 _aMechanical measurements,
_cby T. G. Beckwith and N. Lewis Buck.
504 _aIncludes bibliography.
906 _a7
_bcbc
_coclcrpl
_du
_encip
_f19
_gy-gencatlg
942 _2ddc
_cBK
999 _c44715
_d44715